Normal view
MARC view
Entry Topical Term
001 - CONTROL NUMBER
- control field: 6185
003 - CONTROL NUMBER IDENTIFIER
- control field: ARRUPE
005 - DATE AND TIME OF LATEST TRANSACTION
- control field: 20131219173605.0
008 - FIXED-LENGTH DATA ELEMENTS
- fixed length control field: 131219|| aca||aabn | a|a d
040 ## - CATALOGING SOURCE
- Original cataloging agency: ARRUPE
- Transcribing agency: ARRUPE
150 ## - HEADING--TOPICAL TERM
- Topical term or geographic name as entry element: Proverbs, Yoruba
- Form subdivision: Translations into English.
670 ## - SOURCE DATA FOUND
- Source citation: Work cat.: (ARRUPE)0: Owomoyela, Oyekan. 6183, Yoruba proverbs /, c2005.